Admiralty handbook of wireless telegraphy (Record no. 194652)
[ view plain ]
| 000 -LEADER | |
|---|---|
| fixed length control field | 00830nam a2200145 4500 |
| 003 - CONTROL NUMBER IDENTIFIER | |
| control field | Nust |
| 040 ## - CATALOGING SOURCE | |
| Transcribing agency | Nust |
| 082 ## - DEWEY DECIMAL CLASSIFICATION NUMBER | |
| Classification number | 621.382 |
| 245 ## - TITLE STATEMENT | |
| Title | Admiralty handbook of wireless telegraphy |
| Remainder of title | vol. II |
| Statement of responsibility, etc. | His Majesty' Stationery Office |
| 260 ## - PUBLICATION, DISTRIBUTION, ETC. | |
| Place of publication, distribution, etc. | London |
| Name of publisher, distributor, etc. | His Majesty' Stationery Office |
| Date of publication, distribution, etc. | 1938 |
| 300 ## - PHYSICAL DESCRIPTION | |
| Extent | Various pages |
| 505 ## - FORMATTED CONTENTS NOTE | |
| Formatted contents note | Spark Transmitter (Section-A) Thermionic Valves (Section-B) Reception of Electromagnetic Waves (Section-D) Amplification-Receiver Design (Section-F) Power Supplies (Section-H) Valve Transmitters (Section-K) Radio-Telephony-Sound Reproduction (Section-N) Propagation of Electromagnetic Waves (Section-P) Aerials, Feeders, Directional Arrays (Section-R) Direction Finding (Section-T) R/F Measurment-Wavemeters and Oscillators (Section-W) |
| 650 ## - SUBJECT ADDED ENTRY--TOPICAL TERM | |
| Topical term or geographic name entry element | Wireless telegraphy |
| 9 (RLIN) | 130537 |
| 942 ## - ADDED ENTRY ELEMENTS (KOHA) | |
| Source of classification or shelving scheme | |
| Koha item type | Book |
| Withdrawn status | Lost status | Source of classification or shelving scheme | Damaged status | Not for loan | Permanent Location | Current Location | Shelving location | Date acquired | Full call number | Barcode | Date last seen | Price effective from | Koha item type | Public note |
|---|---|---|---|---|---|---|---|---|---|---|---|---|---|---|
| Military College of Signals (MCS) | Military College of Signals (MCS) | General Stacks | 12/12/2016 | 621.382 ADM | MCS6532 | 12/08/2016 | 12/12/2016 | Book | Almirha No 83, Shelf No 2 | |||||
| Military College of Signals (MCS) | Military College of Signals (MCS) | General Stacks | 12/12/2016 | 621.382 ADM | MCS7348 | 12/08/2016 | 12/12/2016 | Book | Almirha No 83, Shelf No 2 |
